| 000 | 01141nam a2200277Ia 4500 | ||
|---|---|---|---|
| 001 | ebr10273881 | ||
| 003 | CaPaEBR | ||
| 006 | m u | ||
| 007 | cr cn||||||||| | ||
| 008 | 090402s2008 enk sb 001 0 eng d | ||
| 020 | _z9780335234462 | ||
| 040 |
_aCaPaEBR _cCaPaEBR |
||
| 035 | _a(OCoLC)608623374 | ||
| 050 | 1 | 4 |
_aLB2326.3 _b.S36 2008eb |
| 245 | 0 | 4 |
_aThe scholarship of teaching and learning in higher education _h[electronic resource] / _cedited by Rowena Murray. |
| 260 |
_aMaidenhead, Berkshire, Eng. : _bMcGraw-Hill/Open University Press, _cc2008. |
||
| 300 | _avi, 158 p. | ||
| 504 | _aIncludes bibliographical references and index. | ||
| 533 |
_aElectronic reproduction. _bPalo Alto, Calif. : _cebrary, _d2009. _nAvailable via World Wide Web. _nAccess may be limited to ebrary affiliated libraries. |
||
| 650 | 0 |
_aEducation, Higher _zUnited States. |
|
| 650 | 0 |
_aEducation _xResearch. |
|
| 655 | 7 |
_aElectronic books. _2local |
|
| 700 | 1 | _aMurray, Rowena. | |
| 710 | 2 | _aebrary, Inc. | |
| 856 | 4 | 0 |
_uhttp://site.ebrary.com/lib/rucke/Doc?id=10273881 _zAn electronic book accessible through the World Wide Web; click to view |
| 999 |
_c6438 _d6438 |
||